000 00786nam a2200193 i 4500
001 47140
003 ES-MaACL
005 20230906161518.0
007 t|
008 030403s1953 it ||||1| ita d
111 2 _aConvegno Internazionale di Studi Mediterranei (
_n1º.
_d1951.
_cPalermo)
_9592
245 1 2 _aL'unita mediterranea
_b: atti del Primo Convegno internazionale di studi mediterranei /
_cGianfranco Alliata ; recolti e ordinati da Armando Troni.
250 _a2ª ed. sterotipa riservata alle Commissioni Nazionali dell'Unesco.
260 _aPalermo :
_bAcademia del Mediterráneo,
_c1953 (
_fA. Priulla)
300 _aXI, 246 p., 2 lám. ;
_c31 cm.
700 1 _aAlliata, Gianfranco.
_920036
700 1 _aTroni, Armando.
_9111507
852 _aES-MaACL
_jC-10740
_bR.36381
999 _c47140
_d47140